LEADER 01198nam 2200361Ia 450 001 996385590603316 005 20221108094322.0 035 $a(CKB)1000000000607546 035 $a(EEBO)2240988926 035 $a(OCoLC)12590314 035 $a(UtSlPG)41421 035 $a(EXLCZ)991000000000607546 100 $a19850923d1686 uy | 101 0 $aeng 135 $aurbn||||a|bb| 200 14$aThe Protestants plea for a Socinian$b[electronic resource] $ejustifying his doctrine from being opposite to Scripture or church authority, and him from being guilty of heresie, or schism : in five conferences 210 $aLondon $cPrinted by Henry Hills ...$d1686 215 $a[2], 45 p 300 $aReproduction of original in Huntington Library. 300 $aAttributed to Abraham Woodhead, who is in actuality R.H. cf. NUC pre-1956. 300 $aErrata: p. 45. 330 $aeebo-0113 606 $aSocinianism 615 0$aSocinianism. 700 $aR. H$f1609-1678.$01001862 801 0$bEAA 801 1$bEAA 801 2$bm/c 801 2$bWaOLN 906 $aBOOK 912 $a996385590603316 996 $aThe Protestants plea for a Socinian$92420894 997 $aUNISA LEADER 04234nam 2200517 a 450 001 9910966671703321 005 20241120232819.0 010 $a9781118652459 010 $a1118652452 010 $a9781118652466 010 $a1118652460 035 $a(CKB)24989725400041 035 $a(MiAaPQ)EBC1204061 035 $a(MiAaPQ)EBC7103921 035 $a(Au-PeEL)EBL1204061 035 $a(CaPaEBR)ebr10713647 035 $a(OCoLC)826324808 035 $a(PPN)17466544X 035 $a(Perlego)1003043 035 $a(EXLCZ)9924989725400041 100 $a20130130d2013 uy 0 101 0 $aeng 135 $aur||||||||||| 181 $ctxt$2rdacontent 182 $cc$2rdamedia 183 $acr$2rdacarrier 200 10$aMedical instrument design and development $efrom requirements to market placements : includes a case study in ECG implementation /$fClaudio Becchetti, Alessandro Neri 210 $aChichester, West Sussex $cJohn Wiley & Sons$d2013 215 $axxii, 575 p. $cill. (some col.) 320 $aIncludes bibliographical references and index. 327 $aSystem engineering -- Concepts and requirements -- Biomedical engineering design -- Signal processing and estimation -- Applied electronics -- Medical software -- C-health -- Certification process. 330 8 $aThis book explains all of the stages involved in developing medical devices; from concept to medical approval including system engineering, bioinstrumentation design, signal processing, electronics, software and ICT with Cloud and e-Health development. Medical Instrument Design and Development offers a comprehensive theoretical background with extensive use of diagrams, graphics and tables (around 400 throughout the book). The book explains how the theory is translated into industrial medical products using a market-sold Electrocardiograph disclosed in its design by the Gamma Cardio Soft manufacturer. The sequence of the chapters reflects the product development lifecycle. Each chapter is focused on a specific University course and is divided into two sections: theory and implementation. The theory sections explain the main concepts and principles which remain valid across technological evolutions of medical instrumentation. The Implementation sections show how the theory is translated into a medical product. The Electrocardiograph (ECG or EKG) is used as an example as it is a suitable device to explore to fully understand medical instrumentation since it is sufficiently simple but encompasses all the main areas involved in developing medical electronic equipment. Key Features: * Introduces a system-level approach to product design * Covers topics such as bioinstrumentation, signal processing, information theory, electronics, software, firmware, telemedicine, e-Health and medical device certification * Explains how to use theory to implement a market product (using ECG as an example) * Examines the design and applications of main medical instruments * Details the additional know-how required for product implementation: business context, system design, project management, intellectual property rights, product life cycle, etc. * Includes an accompanying website with the design of the certified ECG product ( www.gammacardiosoft.it/book ) * Discloses the details of a marketed ECG Product (from Gamma Cardio Soft) compliant with the ANSI standard AAMI EC 11 under open licenses (GNU GPL, Creative Common) This book is written for biomedical engineering courses (upper-level undergraduate and graduate students) and for engineers interested in medical instrumentation/device design with a comprehensive and interdisciplinary system perspective. 606 $aElectrocardiography 606 $aMedical instruments and apparatus$xDesign and construction 615 0$aElectrocardiography. 615 0$aMedical instruments and apparatus$xDesign and construction. 676 $a610.28 700 $aBecchetti$b Claudio$0149983 701 $aNeri$b A$g(Alessandro)$0250001 801 0$bMiAaPQ 801 1$bMiAaPQ 801 2$bMiAaPQ 906 $aBOOK 912 $a9910966671703321 996 $aMedical instrument design and development$94358601 997 $aUNINA LEADER 02920nam 22004934a 450 001 9910958077003321 005 20200520144314.0 010 $a1-280-90558-1 010 $a0-19-151504-3 035 $a(CKB)24235055600041 035 $a(MiAaPQ)EBC422483 035 $a(MiAaPQ)EBC7035396 035 $a(Au-PeEL)EBL422483 035 $a(CaPaEBR)ebr10177920 035 $a(CaONFJC)MIL90558 035 $a(OCoLC)476257434 035 $a(OCoLC)61362684 035 $a(FINmELB)ELB162480 035 $a(Au-PeEL)EBL7035396 035 $a(EXLCZ)9924235055600041 100 $a20050810d2006 uy 0 101 0 $aeng 135 $aur||||||||||| 181 $ctxt$2rdacontent 182 $cc$2rdamedia 183 $acr$2rdacarrier 200 00$aMetaethics after Moore /$fedited by Terry Horgan and Mark Timmons 210 $aOxford $cClarendon Press ;$aNew York $cOxford University Press$d2006 215 $axi, 397 p 320 $aIncludes bibliographical references and index. 327 $aHow should ethics relate to (the rest of) philosophy? : Moore's legacy / Stephen Darwall -- What do reasons do? / Jonathan Dancy -- Evaluations of rationality / Sigrun Svavarsdottir -- Intrinsic value and reasons for action / Robert Audi -- Personal good / Connie S. Rosati -- Moore on the right, the good, and uncertainty / Michael Smith -- Scanlon versus Moore on goodness / Philip Stratton-Lake and Brad Hooker -- Opening questions, following rules / Paul Bloomfield -- Was Moore a Moorean? / Jamie Dreier -- Ethics as philosophy : a defense of ethical nonnaturalism / Russ Shafer-Landau -- The legacy of Principia / Judith Jarvis Thomson -- Cognitivist expressivism / Terry Horgan and Mark Timmons -- Truth and the expressing in expressivism / Stephen Barker -- Normative properties / Allan Gibbard -- Moral intuitionism meets empirical psychology / Walter Sinnott-Armstrong -- Ethics dehumanized / Panayot Butchvarov. 330 $aMetaethics, understood as a distinct branch of ethics, is often traced to G. E. Moore's 1903 classic, Principia Ethica. Whereas normative ethics is concerned to answer first-order moral questions about what is good and bad, right and wrong, metaethics is concerned to answer second-order non-moral questions about the semantics, metaphysics, and epistemology of moral thought and discourse. Moore has continued to exert a powerful influence,and the sixteen essays here (most of them specially written for the volume) represent the most up-to-date work in metaethics after, and in some cases directly inspired by, the work of Moore. 606 $aEthics 615 0$aEthics. 676 $a170/.42 701 $aHorgan$b Terry$f1948-$01859483 701 $aTimmons$b Mark$f1951-$0164085 801 0$bMiAaPQ 801 1$bMiAaPQ 801 2$bMiAaPQ 906 $aBOOK 912 $a9910958077003321 996 $aMetaethics after Moore$94463307 997 $aUNINA